000 00568nam a2200205Ii 4500
003 JO-AjNU
008 230606s9999||||xx |||||||||||||| ||und||
020 _a0-619-01821-6
040 _aJO-AjNU
_beng
_erda
_cJO-AjNU
041 _aeng
050 1 4 _aTK5105.888.F36.2001
100 3 _aSklar, joel,
_eauthor
_9907
245 0 0 _aDesigning web sites
264 3 1 _aAustralia: course technology ,201
300 _a240p
336 _atext
_btxt
_2rdacontent
337 _aunmediated
_bn
_2rdamedia
338 _avolume
_bnc
_2rdacarrier
650 4 _aDesigning web sites
_9908
999 _aE478
_c478
_d478